000 00499nam a2200181 4500
999 _c189822
_d189822
005 20220713143043.0
010 _aENG-133518
020 _a9789390189786
_c499.00
035 _aEN-117050
037 _bDBAD/PUB
082 _aS
100 _aHargrave,Kiran Millwood
245 _aThe Way Past Winter/
_cby Kiran Millwood Hargrave
260 _aUK
_bChicken House
_c2019
270 _a2 Palmer Street,Frome Somerset BA 11 1DS
_bUK
300 _a239p.
_bill
_c20cm(pbk)
942 _2ddc
_cEN
_hS
_mHAR